Detalles MARC
| 000 -CABECERA |
| campo de control de longitud fija |
01673nam a22003017a 4500 |
| 003 - IDENTIFICADOR DEL NÚMERO DE CONTROL |
| campo de control |
DO-SdBNP |
| 005 - FECHA Y HORA DE LA ÚLTIMA TRANSACCIÓN |
| campo de control |
20240301135835.0 |
| 007 - CAMPO FIJO DE DESCRIPCIÓN FÍSICA--INFORMACIÓN GENERAL |
| campo de control de longitud fija |
ta |
| 008 - DATOS DE LONGITUD FIJA--INFORMACIÓN GENERAL |
| campo de control de longitud fija |
220207b 1969 ||||e |||| 001 0 spa d |
| 040 ## - FUENTE DE LA CATALOGACIÓN |
| Centro catalogador/agencia de origen |
DO-SdBNP |
| Lengua de catalogación |
spa |
| Centro/agencia transcriptor |
BNPHU |
| 082 #4 - NÚMERO DE LA CLASIFICACIÓN DECIMAL DEWEY |
| Número de clasificación |
370. 15 |
| Número de documento/Ítem |
S211p, 1969 |
| Número de edición |
22 |
| 100 1# - ENTRADA PRINCIPAL--NOMBRE DE PERSONA |
| Nombre de persona |
Sánchez-Hidalgo, Efraín Sigisfredo. |
| Fechas asociadas al nombre |
1918-1974 |
| 9 (RLIN) |
81171 |
| 245 10 - MENCIÓN DE TÍTULO |
| Título |
Psicología educativa / |
| Mención de responsabilidad, etc. |
Efraín Sánchez Hidalgo |
| 250 ## - MENCIÓN DE EDICIÓN |
| Mención de edición |
6a. ed., rev. |
| 260 ## - PUBLICACIÓN, DISTRIBUCIÓN, ETC. |
| Lugar de publicación, distribución, etc. |
México, D. F. : |
| Nombre del editor, distribuidor, etc. |
Universitaria, |
| Fecha de publicación, distribución, etc. |
1969. |
| 300 ## - DESCRIPCIÓN FÍSICA |
| Extensión |
578 p. : |
| Dimensiones |
23 cm. |
| 500 ## - NOTA GENERAL |
| Nota general |
Incluye índice de materias. |
| 500 ## - NOTA GENERAL |
| Nota general |
Incluye referencias bibliográficas al final de los capítulos |
| 505 ## - NOTA DE CONTENIDO CON FORMATO |
| Nota de contenido con formato |
Capítulo : |
| Título |
Prólogo a la quinta edición revisada -- |
| -- |
Prólogo a la primera edición -- |
| -- |
Reconocimiento -- |
| -- |
Indice de materia -- |
| 505 ## - NOTA DE CONTENIDO CON FORMATO |
| Nota de contenido con formato |
Parte I : Introducción |
| Título |
I. Orientación general -- |
| -- |
II. Breve historia de la psicología -- |
| -- |
III. El método de la psicología -- |
| 505 ## - NOTA DE CONTENIDO CON FORMATO |
| Nota de contenido con formato |
Parte II : El desarrollo humano. |
| Título |
IV. El desarrollo físico -- |
| -- |
V. El desarrollo motor -- |
| -- |
VI. El desarrollo emocional -- |
| -- |
VII. El desarrollo social -- |
| -- |
VIII. El desarrollo mental -- |
| -- |
IX. El desarrollo moral -- |
| 505 ## - NOTA DE CONTENIDO CON FORMATO |
| Nota de contenido con formato |
Parte III : La personalidad y la higiene mental . |
| Título |
X. La personalidad -- |
| -- |
XI. La higiene mental y los ajustes del individuo -- |
| 505 ## - NOTA DE CONTENIDO CON FORMATO |
| Nota de contenido con formato |
Parte IV : El aprendizaje humano. |
| Título |
XII. Dos teorías sobre el aprendizaje -- |
| -- |
XIII. La naturaleza del aprendizaje -- |
| -- |
XIV . Tipos de aprendizaje -- |
| -- |
XV. La evaluación en la escuela moderna |
| 590 ## - NOTA LOCAL (RLIN) |
| Nota local |
Inventariado, 2022 / SA |
| 650 #4 - PUNTO DE ACCESO ADICIONAL DE MATERIA--TÉRMINO DE MATERIA |
| 9 (RLIN) |
81150 |
| Término de materia o nombre geográfico como elemento de entrada |
Psicopedagogía |
| 910 ## - DATOS DE OPCIÓN DEL USUARIO (OCLC) |
| Datos de opción del usuario |
Saquino/Validado. Control de calidad MFF |
| 942 ## - ELEMENTOS DE PUNTO DE ACCESO ADICIONAL (KOHA) |
| Fuente del sistema de clasificación o colocación |
Dewey Decimal Classification |
| Tipo de ítem Koha |
Libro |